Psicoanálisis y transversalidad : crítica psicoanalítica de las instituciones /

Estudio, desde el punto de vista de un psicoanalista, sobre la relación existente entre la persona, que es el objeto de su estudio e intervención, y el contexto social, político y económico en el que el paciente se desarrolla. Parte de la constatación de que el inconsciente tiene una relación más di...

Täydet tiedot

Tallennettuna:
Bibliografiset tiedot
Päätekijä: Guattari, Félix (autor)
Muut tekijät: Deleuze, Gilles (prefacio) (prefacio)
Aineistotyyppi: Kirja
Kieli:espanja
Julkaistu: México : Siglo XXI, 1976, c1976
Sarja:(Psicología)
Aiheet:
Tagit: Lisää tagi
Ei tageja, Lisää ensimmäinen tagi!

MARC

LEADER 00000nam^a2200000^a^4500
001 000373105
005 20250521000000.0
009 20260310120028.72
037 |a Acervo ITESO - Biblioteca 
041 |a ESP 
082 |a 150. 1957  |b GUA 
100 |a Guattari, Félix  |e (autor) 
240 1 1 |a [Psicoanálisis y transversalidad: crítica psicoanalítica de las instituciones] 
245 1 0 |a Psicoanálisis y transversalidad :  |b crítica psicoanalítica de las instituciones /  |c F. Guattari ; pref. de G. Deleuze ; tr. por Fernando Hugo Azcurra. 
264 4 |a México :  |b Siglo XXI,  |c 1976, c1976 
300 |a 323 p. 
336 |a texto  |b txt  |2 rdacontenido 
337 |a sin mediación  |b n  |2 rdamedio 
338 |a volumen  |b nc  |2 rdasoporte 
440 1 |a (Psicología) 
500 |a Traducción de: Psychanalyse et transversalité 
520 |a Estudio, desde el punto de vista de un psicoanalista, sobre la relación existente entre la persona, que es el objeto de su estudio e intervención, y el contexto social, político y económico en el que el paciente se desarrolla. Parte de la constatación de que el inconsciente tiene una relación más directa con dicho contexto que con las líneas marcadas por la familia y que tradicionalmente el psicoanálisis tomaba como referencia. Se habla entonces de un análisis institucional, que debe tener en cuenta las aportaciones de las diferentes ciencias sociales y humanas de manera transversal. Considera el trasfondo histórico y político de la rebelión estudiantil ocurrida en Francia en mayo de 1968. 
649 |a XX 
650 |a Estudiantes -  |z Francia -  |x Condiciones Políticas 
650 |a Yo (Psicoanálisis) 
650 |a Izquierda, La 
650 |a Movimiento Estudiantil de 1968 
650 |a Contrarrevolución 
650 |a Guerrilla -  |x Aspetos Psicológicos 
650 |a Interdisciplinariedad 
650 |a Psicoanálisis Institucional  |x Tema Principal 
650 |a Psicoanálisis y Sociedad 
650 |a Psicoanálisis y Política 
650 |a Psicología 
700 |a Deleuze, Gilles  |e (prefacio) 
910 |a Fondo Armando Suárez Gómez 
920 |a Impresos - Libros 
930 |a Fondos Especiales 
905 |a 111 
901 |a 0700002344  |b IT2  |c ESP  |u 20250521 
902 |a https://opac.biblio.iteso.mx/vufind/Record/000373105